000 00567nam a22001697a 4500
005 20251108174716.0
008 250721s2008 xx 000 0 ara d
082 1 4 _a741/محم
100 1 _aمحمد، بلاسم
_eمؤلف
245 1 0 _aالفن التشكيلي : قراءة سيميائية في أنساق الرسم /
264 1 _aعمان :
_bدار مجدلاوي للنشر و التوزيع،
_c2008.
300 _a238 ص.
650 1 7 _aالفنون التشكيليه
650 1 7 _aالفنون الجميله
942 _2ddc
_cBK
999 _c116052
_d116052